Las palabras no son para lastimar = (Record no. 20307)

MARC details
000 -LEADER
fixed length control field 01827cam a2200481 a 4500
001 - CONTROL NUMBER
control field sjds388940
003 - CONTROL NUMBER IDENTIFIER
control field sjds
005 - DATE AND TIME OF LATEST TRANSACTION
control field 20210509185127.0
008 - FIXED-LENGTH DATA ELEMENTS--GENERAL INFORMATION
fixed length control field 080808t20092009mnua j 000 0 spa
010 ## - LIBRARY OF CONGRESS CONTROL NUMBER
LC control number 2008034741
020 ## - INTERNATIONAL STANDARD BOOK NUMBER
International Standard Book Number 9781575423128 (pbk.)
020 ## - INTERNATIONAL STANDARD BOOK NUMBER
International Standard Book Number 157542312X (pbk.)
035 ## - SYSTEM CONTROL NUMBER
System control number (OCoLC)244246554
040 ## - CATALOGING SOURCE
Original cataloging agency DLC
Transcribing agency DLC
Modifying agency BTCTA
-- UtOrBLW
041 1# - LANGUAGE CODE
Language code of text/sound track or separate title spa
-- eng
Language code of original eng
049 ## - LOCAL HOLDINGS (OCLC)
Holding library IFAA
099 ## - LOCAL FREE-TEXT CALL NUMBER (OCLC)
Classification number CHILDREN ESPANOL 177 VERDICK
100 1# - MAIN ENTRY--PERSONAL NAME
Personal name Verdick, Elizabeth.
245 14 - TITLE STATEMENT
Title Las palabras no son para lastimar =
Remainder of title Words are not for hurting /
Statement of responsibility, etc. Elizabeth Verdick ; ilustrado por Marieka Heinlen ; traducido por Alejandra Schmidt.
246 31 - VARYING FORM OF TITLE
Title proper/short title Palabras no son para lastimar
246 31 - VARYING FORM OF TITLE
Title proper/short title Words are not for hurting
260 ## - PUBLICATION, DISTRIBUTION, ETC. (IMPRINT)
Place of publication, distribution, etc. Minneapolis, MN :
Name of publisher, distributor, etc. Free Spirit Pub.,
Date of publication, distribution, etc. c2009
264 #1 - PRODUCTION, PUBLICATION, DISTRIBUTION, MANUFACTURE, AND COPYRIGHT NOTICE
Place of production, publication, distribution, manufacture Minneapolis, MN :
Name of producer, publisher, distributor, manufacturer Free Spirit Pub.,
Date of production, publication, distribution, manufacture, or copyright notice [2009]
264 #4 - PRODUCTION, PUBLICATION, DISTRIBUTION, MANUFACTURE, AND COPYRIGHT NOTICE
Date of production, publication, distribution, manufacture, or copyright notice c2009
300 ## - PHYSICAL DESCRIPTION
Extent 33 pages :
Other physical details illustrations (some color) ;
Dimensions 23 cm
336 ## - CONTENT TYPE
Content type term text
Content type code txt
Source rdacontent
337 ## - MEDIA TYPE
Media type term unmediated
Media type code n
Source rdamedia
338 ## - CARRIER TYPE
Carrier type term volume
Carrier type code nc
Source rdacarrier
521 1# - TARGET AUDIENCE NOTE
Target audience note 004-007.
521 8# - TARGET AUDIENCE NOTE
Target audience note AD 200
Source Lexile
546 ## - LANGUAGE NOTE
Language note Spanish and English.
650 #0 - SUBJECT ADDED ENTRY--TOPICAL TERM
Topical term or geographic name as entry element Conversation
Form subdivision Juvenile literature.
650 #0 - SUBJECT ADDED ENTRY--TOPICAL TERM
Topical term or geographic name as entry element Etiquette for children and teenagers
Form subdivision Juvenile literature.
650 #0 - SUBJECT ADDED ENTRY--TOPICAL TERM
Topical term or geographic name as entry element Spanish language materials
General subdivision Bilingual
Form subdivision Juvenile literature.
650 #7 - SUBJECT ADDED ENTRY--TOPICAL TERM
Topical term or geographic name as entry element Conversación
Form subdivision Literatura juvenil.
Source of heading or term bidex
650 #7 - SUBJECT ADDED ENTRY--TOPICAL TERM
Topical term or geographic name as entry element Etiqueta para niños y jóvenes
Form subdivision Literatura juvenil.
Source of heading or term bidex
650 #7 - SUBJECT ADDED ENTRY--TOPICAL TERM
Topical term or geographic name as entry element Materiales bilingües en español
Form subdivision Literatura juvenil.
Source of heading or term bidex
700 12 - ADDED ENTRY--PERSONAL NAME
Personal name Verdick, Elizabeth.
Title of a work Words are not for hurting.
Language of a work Spanish.
700 12 - ADDED ENTRY--PERSONAL NAME
Personal name Verdick, Elizabeth.
Title of a work Words are not for hurting.
Language of a work English.
700 1# - ADDED ENTRY--PERSONAL NAME
Personal name Heinlen, Marieka,
Relator term illustrator.
700 1# - ADDED ENTRY--PERSONAL NAME
Personal name Schmidt, Alejandra.
942 ## - ADDED ENTRY ELEMENTS (KOHA)
Koha item type Libro/Book
Source of classification or shelving scheme Dewey Decimal Classification
Holdings
Withdrawn status Lost status Damaged status Not for loan Home library Current library Shelving location Date acquired Total Checkouts Total Renewals Full call number Barcode Date last seen Date checked out Price effective from Koha item type Inventory number Checked out
        Azul y Blanco -- Satellite Azul y Blanco   17/08/2020 1   JI 35201504 18/03/2026 18/03/2026 17/08/2020 Libro/Book inventory date: 22-1-25 22/04/2026
        Barbudos -- Satellite Barbudos -- Satellite   17/08/2020     JI 35801962 16/02/2022   17/08/2020 Libro/Book Inventory date: 7/7/25  
        Capulin -- Satellite Capulin -- Satellite   06/05/2014 2 2   35100329 08/07/2016 13/01/2016 06/05/2014 Libro/Book Inventory date: 7/7/25  
        Capulin -- Satellite Capulin -- Satellite   10/08/2020     JI 35101961 10/08/2020   10/08/2020 Libro/Book Inventory date: 7/7/25  
        Carrizal -- Satellite Carrizal -- Satellite   14/07/2020     JI 3700320 14/07/2020   14/07/2020 Libro/Book Inventory date: 13-1-25  
        Genizero -- Satellite Genizero -- Satellite   08/01/2019       35700883 08/01/2019   08/01/2019 Libro/Book    
        Genizero -- Satellite Genizero -- Satellite   15/08/2020 1   JI 35601961 07/10/2021 07/10/2021 15/08/2020 Libro/Book   11/11/2021
        La Puerta Biblioteca -- Satellite La Puerta Biblioteca -- Satellite   09/04/2018 5     40301675 01/06/2023 11/03/2020 09/04/2018 Libro/Book    
        Las Brisas 1 -- Satellite Las Brisas 1 -- Satellite   24/07/2020     JI 40002191 24/07/2020   24/07/2020 Libro/Book Inventory date: 7/4/25  
        Las Brisas 2 -- Satellite Las Brisas 2 -- Satellite   08/01/2019 1   JN 40101777 05/01/2023 07/10/2021 08/01/2019 Libro/Book Inventory date: 7/4/25  
        Las Brisas 2 -- Satellite Las Brisas 2 -- Satellite   23/07/2020     JI 40102171 23/07/2020   23/07/2020 Libro/Book    
        Las Marias -- Satellite Las Marias -- Satellite   06/07/2020 1   JAA 3600345 06/01/2023 31/05/2022 06/07/2020 Libro/Book inventory date: 31/1/25  
        Las Pampas -- Satellite Las Pampas -- Satellite   23/08/2020 1   JAA 35701961 10/03/2023 22/02/2022 23/08/2020 Libro/Book inventory date: 17-1-25  
        Monte Cristo -- Satellite Monte Cristo -- Satellite   23/08/2020     JI 40202172 23/08/2020   23/08/2020 Libro/Book    
        San Jeronimo -- Satellite San Jeronimo -- Satellite   19/07/2020     JAA 35902174 19/07/2020   19/07/2020 Libro/Book inventory date: 17-1-25  
        San Juan Del Sur -- Biblioteca San Juan Del Sur -- Biblioteca Children's Area 06/05/2014 8 1 ESTANTES (BILINGUE) 30002467 29/03/2019 06/07/2018 06/05/2014 Libro/Book    
        San Juan Del Sur -- Biblioteca San Juan Del Sur -- Biblioteca   21/08/2019       30009429 21/08/2019   21/08/2019 Libro/Book    
        San Juan Del Sur -- Biblioteca San Juan Del Sur -- Mobile   26/03/2021 2   JI 33015783 22/11/2024 08/10/2024 26/03/2021 Libro/Book Inventory date: 27-2-25  
        Sevadilla -- Satellite Sevadilla   19/07/2020 2   JI 35401958 18/03/2026 18/03/2026 19/07/2020 Libro/Book Inventory date: 7/7/25 22/04/2026
        Sevadilla -- Satellite Sevadilla -- Satellite   08/01/2019 1     35400115 07/05/2021 22/03/2021 08/01/2019 Libro/Book    
        Zaragoza -- Satellite Zaragoza -- Satellite   29/07/2020     JI 35501958 29/07/2020   29/07/2020 Libro/Book    

Powered by Koha